000 01489 a2200181 4500
003 Nust
005 20221207110007.0
020 _a8179681290
040 _cNust
082 _a530, KUM
100 _aKumar, Narinder
_9104314
245 _aPhysics finish faster
_cNarinder Kumar
260 _aNew Delhi
_bGolden Bells
_c2008
300 _a563 p.
505 _aUnits Measurements and Dimensions (Page-1-13), Significant Figures and Error Analysis (Page-14-19), Motion in one Dimension (Page-20-43), Vectors (Page-44-61), Motion in two and Three Dimension (Page,-62-76), Law of Motions (Page-77-100), Worked Energy and Power (Page-101-119), Rotational Motion (Page-120-147), Gravitation (Page-148-175), Solids (Page-176-188), Fluids (Page-189-190), Surface Tension (Page-200-209), Fluids in Motion (Page-210-220), Kinetic Theory of Gases (Page-221-229), Heat and Thermodynamics (Page-230-259), Oscillations and Waves (Page-260-284), Electronic Fields Potential and Capacitors (Page-285-305), Current Electric Thermal and Chemical Effect of Current (Page-306-333), Magnetic Effect of Current and Magnetism (Page-334-372), Electromagnetic Induction and Alternation Current (Page-373-400), Optics (Page-401-468), Electrons and Dual Nature of Matter and Radiation (Page-469-490), Atomic and Nuclear Physics (Page-491-516), Solids and Semiconductor Devices Electromagnetic Waves and Principles of Communication (Page-517-541), Universe (Page-542-547).
650 _aPhysics
942 _2ddc
_cBK
999 _c188438
_d188438